banner koha

Sample size to estimate the mean and median of traits in flax (Registro n. 340246)

MARC details
000 -LÍDER
fixed length control field 03768nab a2200325 i 4500
003 - CÓDIGO MARC DA AGÊNCIA CATALOGADORA
Campo de controle BR-BrBNA
005 - DATA E HORA DA ÚLTIMA ATUALIZAÇÃO
Campo de controle 20260303100803.0
008 - CAMPO DE TAMANHO FIXO
fixed length control field 260303b2018 bl.qr|pooa||| 00| 0 eng |
040 ## - FONTE DA CATALOGAÇÃO
Agência catalogadora BR-BrBNA
Idioma da catalogação eng
072 ## - CATEGORIA AGRIS
Código AGRIS F50
Código do objeto 0440
100 ## - ENTRADA PRINCIPAL - NOME PESSOAL
Nome pessoal Cargneutti Flilho, Alberto
100 ## - ENTRADA PRINCIPAL - NOME PESSOAL
Nome pessoal Alves, Bruna Mendonça
100 ## - ENTRADA PRINCIPAL - NOME PESSOAL
Nome pessoal Santos, Gustavo Oliveira dos
100 ## - ENTRADA PRINCIPAL - NOME PESSOAL
Nome pessoal Wartha, Cleiton Antonio
100 ## - ENTRADA PRINCIPAL - NOME PESSOAL
Nome pessoal Kleinpaul, Jéssica Andiara
100 ## - ENTRADA PRINCIPAL - NOME PESSOAL
Nome pessoal Kleinpaul, Jéssica Andiara
245 ## - TÍTULO PRINCIPAL
Título principal Sample size to estimate the mean and median of traits in flax
500 ## - NOTA GERAL
Nota geral <br/><br/>Publicação online; 22 ref.; 2 tables; 2 illus.; Summaries (En, Pt)
942 ## - ADDED ENTRY ELEMENTS (KOHA)
Koha item type Analítica
520 ## - NOTA DE RESUMO
Nota de conteúdo <br/><br/><br/>ABSTRACT: - The aim of this study was to determine the sample size (i.e., number of plants) required to estimate the mean and median of flax traits (Linum usitatissimum L.) of the cultivar CDC Normandy, with precision levels. In experimental area of 15 × 15 m (225 m2) at 134 days after sowing, 300 plants were collected randomly. In each plant, it was measured morphological (plant height and number of branches) and productive traits (number of capsules, fresh matter of capsules, fresh matter of aerial part without capsules, fresh matter of aerial part, dry matter of capsules, dry matter of aerial part without capsules, and dry matter of aerial part). For each trait, it was calculated measures of central tendency, variability, skewness, and kurtosis. It was determined the sample size by resampling with replacement of 10,000 resamples. In order to estimate the mean of morphological and pro-ductive traits of flax, cultivar CDC Normandy, with the amplitude of the confidence interval of 95% equal to 30% of the estimated mean, 81 plants are required. To estimate the median, with the same precision, it is necessary 161 plants. <br/><br/><br/>Key words: experimental design; experimental precision; Linum usitatissimum L.; reference sample
520 ## - NOTA DE RESUMO
Nota de conteúdo <br/><br/><br/>RESUMO: - O objetivo deste trabalho foi determinar o tamanho de amostra (número de plantas) necessário para a estimação da média e da mediana de caracteres de linho (Linum usitatissimum L.), cultivar CDC Normandy, em níveis de precisão. Em área experimental de 15 × 15 m (225 m2) aos 134 dias após a semeadura, foram selecionadas, aleatoriamente, 300 plantas. Em cada planta foram mensurados os caracteres morfológicos (altura de planta e número de ramos) e os produtivos (número de cápsulas, massa verde de cápsulas, massa verde de parte aérea sem cápsulas, massa verde de parte aérea, massa seca de cápsulas, massa seca de parte aérea sem cápsulas e massa seca de parte aérea). Para cada caractere, foram calculadas medidas de tendência central, de variabilidade, de assimetria e de curtose e determinado o tamanho de amostra por meio de reamostragem, com reposição, de 10.000 reamostras. Para a estimação da média de caracteres morfológicos e produtivos de linho, cultivar CDC Normandy, com amplitude do intervalo de confiança de 95% igual a 30% da estimativa da média são necessárias 81 plantas. Para estimação da mediana, com essa mesma precisão, precisam 161 plantas. <br/><br/><br/>Palavras-chave: planejamento experimental; precisão experimental; Linum usitatissimum L.; amostra referência Sample
650 ## - ASSUNTO - THESAGRO
Cabeçalho tópico ou nome geográfico LINHO
650 ## - ASSUNTO - THESAGRO
Cabeçalho tópico ou nome geográfico PLANTA TÊXTIL
650 ## - ASSUNTO - THESAGRO
Cabeçalho tópico ou nome geográfico VARIEDADE
650 ## - ASSUNTO - THESAGRO
Cabeçalho tópico ou nome geográfico MORFOLOGIA VEGETAL
650 ## - ASSUNTO - THESAGRO
Cabeçalho tópico ou nome geográfico AMOSTRAGEM
773 0# - ENTRADA ANALÍTICA
Host Biblionumber 4656
Registro do item 360459
Imprenta Recife-PE Universidade Federal Rural de Pernambuco 2006
Outro identificador 2026-0843
Título Revista Brasileira de Ciências Agrárias (Brazil)
ISSN 1981-1160
Colação v. 13(1) p. 1-7; (2018)
Número de controle de registro BR2026005623
856 ## - ACESSO E ENDEREÇO ELETRÔNICO
Identificador uniforme de recurso - URI http://www.agraria.pro.br/ojs32/index.php/RBCA/article/view/v13i1a5492/358

Nenhum exemplar disponível.

BINAGRI

Telefone: (61)3218-2567/2388/3357/2097 - binagri@agro.gov.br

Ministério da Agricultura e Pecuária , Esplanada dos Ministérios, Bloco D, Anexo B, Brasília/DF, CEP: 70.043-900